Biblioteka Instytutu Północnego w Olsztynie

Sprawa włościańska na sejmie w roku 1831 / (Rekord nr 27826)

Szczegóły MARC
000 -Nagłówek
fixed length control field 01762cam a2200457 i 4500
001 - Nr kontrolny bibl., która utworzyła rek.
control field zz2005823426
003 - Siglum bibl., której nr kontr. jest w 001
control field NUKAT
005 - Data i czas ostatniej operacji
control field 20260427230322.0
008 - Elementy pola stałej długości
fixed length control field 050121s1910 pl 2 |000 0 pol c
035 ## - Systemowy numer kontrolny
systemowy numer kontrolny (OCoLC)830137214
035 ## - Systemowy numer kontrolny
systemowy numer kontrolny (NUKAT)zz2005823426
040 ## - Instytucja sporządzająca opis
Instytucja, która sporządziła opis KIEL 010/GA
język katalgowania-trzyzn. kod pol
zasady opisu rda
Instytucja, która sporządziła rekord KIEL 010/GA
Instytucja, która zmodyfikowała rekord KIEL 010/GA
-- KIEL 010/HLs
-- POZN U/KK
-- OLSZT 008/AL
045 2# - Okres czasu dla zawartości
czas między r. 9999 pne a nasz. czas. d1807
-- d1931
046 ## - Kod rodz. daty, data1, data2 (daty pne)
Begin/single date 1831
100 1# - Hasło główne-nazwa osobowa
Nazwa osobowa Rybarski, Roman
Daty biograficzne (1887-1942).
rodzaj współpracy Autor
9 (RLIN) 1660
245 10 - Tytuł właściwy i oznaczenie odpow.
tytuł Sprawa włościańska na sejmie w roku 1831 /
dod. inf. ze s. tyt./ozn. odpow. Roman Rybarski.
260 ## - Adres wydawniczy
miejsce wydania, dystrybucji itp. Kraków :
nazwa wydawcy, dystrybutora itp. skład główny w Księgarni G. Gebethnera i Ski,
data wydania, dystrybucji itp. 1910
miejsce druku ([Kraków] :
nazwa drukarni Drukarnia Uniwersytetu Jagiellońskiego).
300 ## - Opis fizyczny
objętość i/lub forma materiału 59 stron ;
format 26 cm.
336 ## - Content Type
Term Tekst
Code txt
Source rdacontent
337 ## - Media Type
Term Bez urządzenia pośredniczącego
Code n
Source rdamedia
338 ## - Carrier Type
Term Wolumin
Code nc
Source rdacarrier
380 ## - Form of work
Form of work Książki
380 ## - Form of work
Form of work Publikacje naukowe
388 1# - TIME PERIOD OF CREATION
Time period of creation term 1901-2000
388 1# - TIME PERIOD OF CREATION
Time period of creation term 1901-1914
500 ## - Uwaga ogólna
uwaga ogólna Odbitka z: "Czasopismo prawnicze i ekonomiczne".
610 27 - Hasło przedmiotowe-nazwa ciała zbior.
nazwa ciała zbior. lub geogr. Sejm Królestwa Polskiego (1830-1831)
źródło hasła DBN
9 (RLIN) 40730
610 14 - Hasło przedmiotowe-nazwa ciała zbior.
nazwa ciała zbior. lub geogr. Królestwo Polskie.
nazwa jednostki podrzędnej Sejm.
źródło hasła kaba
9 (RLIN) 4227
648 #7 - SUBJECT ADDED ENTRY--CHRONOLOGICAL TERM
Chronological term 1801-1900
Source of heading or term DBN
9 (RLIN) 36037
650 #7 - Hasło przedmiotowe-nazwa pospolita
nazwa pospolita lub geogr. Uwłaszczenie chłopów
źródło hasła DBN
9 (RLIN) 40513
650 #7 - Hasło przedmiotowe-nazwa pospolita
nazwa pospolita lub geogr. Chłopi
określnik geograficzny Polska
określnik rzeczowy sytuacja społeczna
określnik chronologiczny 19 w.
źródło hasła kaba
9 (RLIN) 40511
650 #7 - Hasło przedmiotowe-nazwa pospolita
nazwa pospolita lub geogr. Chłopi
określnik rzeczowy status prawny
określnik geograficzny Polska
określnik chronologiczny 19 w.
źródło hasła kaba
9 (RLIN) 40731
651 #7 - Hasło przedmiotowe-nazwa geogr.
nazwa geograficzna Galicja (kraina historyczna)
źródło hasła DBN
9 (RLIN) 35236
651 #7 - Hasło przedmiotowe-nazwa geogr.
nazwa geograficzna Polska
źródło hasła DBN
9 (RLIN) 35076
651 #7 - Hasło przedmiotowe-nazwa geogr.
nazwa geograficzna Zabór pruski
źródło hasła DBN
9 (RLIN) 35237
651 #7 - Hasło przedmiotowe-nazwa geogr.
nazwa geograficzna Zabór rosyjski
źródło hasła DBN
9 (RLIN) 35238
655 #7 - Termin określający rodzaj/formę
rodzaj/forma Nadbitki i odbitki
źródło terminu DBN
9 (RLIN) 38727
658 ## - Nazwa określająca cel programu nauczania
główny cel programu nauczania Polityka, politologia, administracja publiczna
710 2# - Hasło dodatkowe - nazwa ciała zbior.
nazwa ciała zbior. lub nazwa geogr. G. Gebethner i Spółka.
rodzaj współpracy Wydawca
kod rodzaju współpracy pbl
9 (RLIN) 1228
942 ## - ADDED ENTRY ELEMENTS (KOHA)
Source of classification or shelving scheme Dewey Decimal Classification
Koha item type pozycje dostępne na miejscu
Egzemplarze
Status wycofania Status zagubienia Klasyfikacja Status uszkodzenia Blokada wypożyczeń Kolekcja Lokalizacja macierzysta Lokalizacja bieżąca Data nabycia Numer akcesji Źródło akcesji Nr inwentarzowy il. wypożyczeń Sygnatura Kod kreskowy Date last seen Price effective from Typ egz.
    Dewey Decimal Classification nieuszkodzona   Pracownia Badań Księgozbiorów Historycznych Biblioteka Instytutu Północnego w Olsztynie Pracownia Badań Księgozbiorów Historycznych 27/04/2026 K-31/1966 kupno 16671   16671 IPWK22207 27/04/2026 27/04/2026 pozycje dostępne na miejscu
Biblioteka Instytutu Północnego, ul. Partyzantów 87, 10-402 Olsztyn, email: biblioteka(at)ip.olsztyn.pl